000 00985nam a22003257a 4500
003 DO-SdBPM
005 20251014141232.0
007 ta
008 171117b1984|| sp |||| 00| 0 spa d
020 _a8437600162
040 _aDO-SdBPM
_bspa
_cBPMSU
_erda
082 4 _a861.5
_bM149c 1984
_222
100 1 _aMachado, Antonio
_d1875-1939.
_eautor
245 1 0 _aCampos de Castilla /
_cAntonio Machado ; edición José Luis Cano
250 _a9a ed.
264 _aMadrid :
_bCátedra,
_c1984
300 _a183 págianas ;
_c18 cm.
336 _atexto
_btxt
_2rdacontent
337 _asin mediación
_bn
_2rdamedia
338 _avolumen
_bnc
_2rdacarrier
490 0 _aLetras hispánicas;
_aCátedra,
_v10
590 _ainvetariado, 2025/VM
650 7 _a Poesía española
650 7 _aPaisajes
_vPoesías
650 7 _a Problemas sociales
_v Poesías
700 1 _aCano, José Luis,
_eeditor
910 _aVMateo V. Control de calidad. BPMSU
942 _2ddc
_cBK
945 _a
999 _c12928
_d12928